| 000 | 00380nam a22001337a 4500 | ||
|---|---|---|---|
| 020 | _qPB. | ||
| 040 | _cFIZZA ISHAQ | ||
| 082 |
_a658.4038 _bCAN |
||
| 100 |
_aDEANS,CANDACE P. _9133589 |
||
| 245 |
_aINTERNATIONAL DIMENSIONS OF INFORMATION SYSTEMS AND TECHNOLOGY / _cP.CANDACE DEANS. |
||
| 260 |
_aNEW YORK ; _bPWS-KENT, _c1992. |
||
| 300 |
_a196 P. ; _c7.3X5.5IN |
||
| 942 |
_2ddc _cBK |
||
| 999 |
_c616535 _d616535 |
||